Normal view
MARC view
Entry Topical Term
001 - CONTROL NUMBER
- control field: 4860
003 - CONTROL NUMBER IDENTIFIER
- control field: ARRUPE
005 - DATE AND TIME OF LATEST TRANSACTION
- control field: 20131203172213.0
008 - FIXED-LENGTH DATA ELEMENTS
- fixed length control field: 131203|| aca||aabn | a|a d
040 ## - CATALOGING SOURCE
- Original cataloging agency: ARRUPE
- Transcribing agency: ARRUPE
150 ## - HEADING--TOPICAL TERM
- Topical term or geographic name as entry element: Women's Right
- General subdivision: Religious aspects
- General subdivision: Christianity
670 ## - SOURCE DATA FOUND
- Source citation: Work cat.: (ARRUPE): `Dorr, Jacqueline M. M. 4859, Women seeking justice, 2004